Statistics for FIFA World Cup Quiz

Click here to take the quiz!

General Stats

  • This quiz has been taken 22 times
  • The average score is 6 of 10

Answer Stats

QuestionAnswer% Correct
Who has won the most FIFA World Cups?Brazil
100%
Who hosted the FIFA World Cup in 2018 and were banned in 2022?Russia
95%
Who won the first ever FIFA World Cup in 1930?Uruguay
95%
Who has scored in 5 different FIFA World Cups?CR7
77%
Which stadium has hosted the most FIFA World Cup Games?Estadio Azteca
55%
How much countries have won the FIFA World Cup only once?2 Countries
50%
Who created the infamous FIFA World Cup curse?France
41%
Who has made the most appearances at the FIFA World Cup?Lionel Messi
41%
How much goals did Miroslav Klose score to become the highest-scoring player in FIFA World Cup History?16 Goals
32%
How many countries have won the FIFA World Cup whilst hosting it?6 Countries
32%

Score Distribution

Percentile by Number Answered

Percent of People with Each Score

Your Score History

You have not taken this quiz